Statistics for Sitcoms By Cities

Click here to take the quiz!

General Stats

  • This quiz has been taken 228 times
  • The average score is 6 of 11

Answer Stats

HintAnswer% Correct
SimpsonsSpringfield
83%
CheersBoston
79%
FrasierSeattle
77%
Married With ChildrenChicago
74%
Full HouseSan Francisco
74%
Golden GirlsMiami
67%
The Drew Carey ShowCleveland
53%
The Big Bang TheoryPasadena
42%
RoseanneLanford
24%
FuturamaNew New York
23%
Family GuyQuahog
18%

Score Distribution

Percentile by Number Answered

Percent of People with Each Score

Your Score History

You have not taken this quiz